Responses for show #7457 - Tuesday, January 31, 2017

Lisa Schlitt game 3.

Contestants

Doug Baker, a sustainability specialist from Tecumseh, Michigan

Ben Smolen, a writer from Los Angeles, California

Lisa Schlitt, a microbiologist from Berwyn, Pennsylvania (whose 2-day cash winnings total $43,000)

Jeopardy! Round responses

18th CENTURY AMERICAN WRITIN' & SPEAKIN'
THEATER GLOSSARY
THE SPORT'S BOOK
TRAVEL & TOURISM
COOL RHYMES
(Alex: Name the system, given the clue, in...)
SYSTEMS PRIMED
    $200 23
Patrick Henry

Lisa
    $200 7
a matinee

Lisa
    $200 2
tennis

Ben
    $200 1
a spool

Ben
    $200 17
the buddy system

Lisa
    $400 24
Benedict Arnold

Lisa
    $400 8
Pan-Cake

Doug
    $400 3
baseball

Triple Stumper
    $400 29
(Ben: What is Hilton-- what is Hilton's Head?)
(Alex: No.)
(Ben: Oh!)
...
[The end-of-round signal sounds.]

Charleston

LisaBen
    $400 12
the Golden Rule

Triple Stumper
    $400 18
the Dewey Decimal system

Doug
    $600 25
a duel

Lisa
    $600 9
lights (or props)

Ben
    $600 4
football

Ben
    $600 28
Hong Kong

Ben
    $600 13
Liverpool

Lisa
    $600 19
the immune system

Doug
    $1,000 26
[Lisa sighs.]

The American Crisis

Lisa
    $800 10
(Lisa: What is a one-way curtain?)

a drop

Lisa
Triple Stumper
    $800 5
basketball

Doug
    $800 22
(Lisa: What is the Rive Droite?)
(Alex: No.)
(Lisa: Oh!)

the Rive Gauche

Lisa
Triple Stumper
    $800 14
a finishing school

Doug
    $800 20
System of a Down

Triple Stumper
    $1000 27
honor

Doug
    $1000 11
a flat

Triple Stumper
    $1000 6
(Lisa: What is baseball?)

soccer

LisaBen
    $1000 21
(Ben: What is Java?)
(Doug: What is Sri Lanka?)

Bali

BenDoug
Triple Stumper
    $1000 16
a ghoul

Lisa
    $1000 15
a caste system

Lisa

Scores at the first commercial break (after clue 15):

Lisa Ben Doug
$0 $2,600 $2,000

Scores at the end of the Jeopardy! Round:

Lisa Ben Doug
$1,000 $1,800 $3,000

Double Jeopardy! Round responses

THE FUTURE OF THE UNIVERSE
14-LETTER WORDS
THE DRUMMER SINGS
JOHN DONNE
NO MAN
AN "I" LAND
    $400 8
hypernova

Ben
    $400 21
Transportation

Lisa
    $400 3
the Eagles

Lisa
    $400 26
death

Ben
    $400 16
a naysayer

Ben
    $400 1
India

Lisa
    $800 10
a comet

Lisa
    $800 22
a septuagenarian

Doug
    $800 5
Kiss

Lisa
    $800 27
Good Friday

Doug
    $800 17
a veto

Lisa
    $800 2
Iceland

Ben
    $1200 11
astronomical units

Doug
    $1200 23
(Ben: What is improvised?)
(Alex: No.)
(Ben: What is improvisational?)
(Alex: No.)
(Doug: What is improvisational?)

extemporaneous

BenDoug
Triple Stumper
    $1200 9
Genesis

Lisa
    $600 28
(Doug: Who is Henry VIII?)

James I

Doug
    $1200 18
the Mafia

Triple Stumper
    $1200 4
Israel

Ben
    $2,000 12
Phobos

Doug
    $1600 24
knickerbockers

Lisa
    $1600 14
the White Stripes

Lisa
    $1600 29
Izaak Walton

Triple Stumper
    $1600 19
Cesar Chavez

Ben
    $1600 6
Iran

Lisa
    $2000 13
Andromeda

Doug
    $2000 25
existentialism

Ben
    $2000 15
Sheila E.

Doug
    $2000 30
for whom the bell tolls

Triple Stumper
    $2000 20
On the Origin of Species

Doug
    $2000 7
Ireland

Triple Stumper

Scores at the end of the Double Jeopardy! Round:

Lisa Ben Doug
$10,600 $7,400 $12,000

[wagering suggestions for these scores]

Final Jeopardy! Round responses

ACTRESSES
BenWho is Katherine Hepburn
$3,199
LisaWho is Katharine Hepburn?
$10,600
DougWho is Audrey Hepburn
$9,201
Katharine Hepburn

Final scores:

Lisa Ben Doug
$21,200 $10,599 $2,799
3-day champion: $64,200 2nd place: $2,000 3rd place: $1,000

Game dynamics:

Coryat scores:

Lisa Ben Doug
$11,600 $7,400 $12,200
19 R,
4 W
(including 1 DD)
13 R,
3 W
13 R
(including 1 DD),
3 W
(including 1 DD)

Combined Coryat: $31,200

The J! Archive is created by fans, for fans. The Jeopardy! game show and all elements thereof, including but not limited to copyright and trademark thereto, are the property of Jeopardy Productions, Inc. and are protected under law. This website is not affiliated with, sponsored by, or operated by Jeopardy Productions, Inc. Join the discussion at JBoard.tv.